000 00716nam a2200289Ia 4500
005 20260324113951.0
008 008 260324s9999 xx 000 0 eng d
020 _a9781003335092
037 _aEBOOK
040 _aCRL
040 _beng
040 _cCRL
041 _2eng
041 _aeng
084 _qCRL
100 _aPhilip J. Gisi
_91144138
245 0 _aFundamentals of Daily Shop Floor Management
245 2 _bA Guide for Manufacturing Optimization and Excellence
260 _bTaylor and Francis
260 _c2023
365 _a
365 _b205
856 _uhttp://www.taylorfrancis.com/books/9781003335092
942 _cEBOOK
999 _c1738826
_d1738826